Merchandising v praxi vzťahy výroby a maloobchodu sa budú prehlbovať

Hlavné zásady merchandisingu. Riadenie taktiky predaja v spolupráci s výrobcom. Spôsoby ako zákazníka zamerať na určitý tovar a všestranne podporovať predaj. Čo sleduje dobrý merchandisor.

Salvato in:
Dettagli Bibliografici
Autore principale: Zajacová, Eva
Natura: Libro
Lingua:slovacco
Soggetti:
Tags: Aggiungi Tag
Nessun Tag, puoi essere il primo ad aggiungerne!!

MARC

LEADER 00000nam a2200000 4500
001 r030161
005 20230626070204.3
041 0 |a slo 
044 |a SK 
245 1 0 |a Merchandising v praxi  |b vzťahy výroby a maloobchodu sa budú prehlbovať  |c Eva Zajacová 
520 |a Hlavné zásady merchandisingu. Riadenie taktiky predaja v spolupráci s výrobcom. Spôsoby ako zákazníka zamerať na určitý tovar a všestranne podporovať predaj. Čo sleduje dobrý merchandisor. 
610 2 0 |a merchandising 
610 2 0 |a reklama 
610 2 0 |a podnikanie drobné 
610 2 0 |a podnikanie slobodné 
610 2 0 |a podpora predaja 
100 1 |a Zajacová, Eva